000 00759cam a2200253 a 4500
001 3356573
003 ARRUPE
005 20170214114151.0
008 860325s1985 sw a 001 0 eng
010 _a 86136796
020 _a9152001628 (pbk.)
040 _aDLC
_cDLC
_dDLC
043 _ae-sw---
050 0 0 _aPN1993.5.S8
_bC64 1985
082 0 0 _a791.43/09485
_219
100 1 _aCowie, Peter.
_928818
245 1 0 _aSwedish cinema, from Ingeborg Holm to Fanny and Alexander /
_cby Peter Cowie.
260 _aStockholm, Sweden :
_bSwedish Institute,
_cc1985.
300 _a160 p. :
_bill. ;
_c17 cm.
500 _aIncludes indexes.
650 0 _aSweden
_xFilm
_927473
906 _a7
_bcbc
_corignew
_d3
_encip
_f19
_gy-gencatlg
942 _2lcc
_cMONOGRAPH
999 _c126114
_d126114